000 00759nam a2200241 i 4500
001 C2-0309349
003 PPAK
005 20180728100406.0
008 110529s2003 my |||| ||||| | may d
020 _a983170469X
040 _aPPAK
_beng
_cPPAK
_erda
082 0 4 _a297.814
_223
090 0 0 _a297.814
_bHAF
_dKMI
100 0 _aHafiz Firdaus Abdullah,
_eauthor
245 1 0 _aPembongkaran jenayah ilmiah buku Salafiyah Wahabiyah :
_b73 penilaian semula ke atas penilaian Zamihan Mat Zin al-Ghari
264 1 _aJohor Bahru, Johor :
_bPerniagaan Jahabersa ,
_c2003
300 _axxxi, 401 pages ;
_c21 cm
336 _2rdacontent
_atext
337 _2rdamedia
_aunmediated
338 _2rdacarrier
_avolume
650 1 0 _aIslamic sects
942 _ddc
_cB
999 _c111891
_d111891